| 000 | 00445nam a2200193Ia 4500 | ||
|---|---|---|---|
| 003 | 0100 | ||
| 008 | 130303s9999 xx 000 0 und d | ||
| 040 | _cARRUPELIB | ||
| 050 | _aB2430.M253D813 1964 | ||
| 100 | _aMarcel, Gabriel | ||
| 245 | _aCreative fidelity | ||
| 260 | _aNew York | ||
| 260 | _bFarrar, Straus and Company | ||
| 260 | _C1964 | ||
| 300 | _a261p. | ||
| 300 | _b 23cm | ||
| 650 | _bchristinity-addresses | ||
| 942 | 0 | 0 | _01 |
| 999 |
_c40860 _d40860 |
||